Geografia del Veneto - Statistics

Statistiche generali
  • Questo quiz è stato fatto 497 volte
  • Il punteggio medio è 17 su 21
Risposte nella Mappa
Le risposte nella mappa del quiz sottostante sono codificate secondo una scala di colori dal rosso al verde in base alla % di persone che hanno risposto correttamente.
 
Statistiche sulle risposte
Risposta % Corretto
Venezia
99%
Verona
98%
Padova
96%
Belluno
95%
VIcenza
95%
Treviso
94%
Rovigo
92%
Lombardia
91%
Emilia - Romagna
90%
Friuli - Venezia Giulia
90%
Lago di Garda
89%
Trentino - Alto Adige
89%
Po
88%
Austria
84%
Laguna di Venezia
84%
Adige
82%
Piave
70%
Colli Euganei
62%
Marmolada
39%
Tre Cime di Lavaredo
24%
Montello
21%
Nessun quiz corrispondente trovato
Distribuzione punteggi
Percentuale di utenti per punteggio
Percentile per numero di risposta
I tuoi punteggi nel tempo
Non hai fatto questo quiz